[Event "Titled Tue 20th May Late"]
[Site "chess.com INT"]
[Date "2025.05.20"]
[Round "4"]
[White "Salinas Herrera, Pablo"]
[Black "Avramidou, Anastasia"]
[Result "1-0"]
[WhiteTitle "GM"]
[BlackTitle "FM"]
[WhiteElo "2447"]
[BlackElo "2294"]
[WhiteFideId "3407128"]
[BlackFideId "4239873"]
[EventDate "2025.05.20"]

1. d4 Nf6 2. Nf3 e6 3. Bf4 d5 4. e3 c5 5. c3 Nc6 6. Nbd2 Bd6 7. Bg3 O-O 8. Bb5
a6 9. Bxc6 bxc6 10. Qa4 Bb7 11. Bxd6 Qxd6 12. Qa3 a5 13. Nb3 Nd7 14. Nxc5 Nxc5
15. Qxc5 Qxc5 16. dxc5 f6 17. Kd2 e5 18. Kc2 Ba6 19. b4 Rfb8 20. a3 Kf7 21. Nd2
Ke6 22. Nb3 a4 23. Nd2 Bb5 24. Rad1 Rd8 25. Rhe1 Rd7 26. f4 h6 27. Nf3 Rad8 28.
h4 Bc4 29. Rd2 Bb3+ 30. Kb2 Bc4 31. g4 Bb5 32. Rg2 Re8 33. g5 hxg5 34. hxg5 Kf5
35. gxf6 gxf6 36. fxe5 fxe5 37. Nh4+ Ke4 38. Rg4+ Kd3 39. Nf5 Rf8 40. e4 Kd2 41.
Rgg1 d4 42. cxd4 exd4 43. Rd1+ Ke2 44. Nxd4+ Kf2 45. Nxb5 Rxd1 46. Rxd1 cxb5 47.
Rd3 Ke2 48. Kc3 Rf1 49. Kd4 Rc1 50. Rh3 Rc4+ 51. Kd5 1-0

[Event "Titled Tue 20th May Late"]
[Site "chess.com INT"]
[Date "2025.05.20"]
[Round "4"]
[White "Sobek, Jaroslav"]
[Black "Lissillour, Baptiste"]
[Result "1-0"]
[WhiteTitle "FM"]
[WhiteElo "2195"]
[BlackElo "2318"]
[WhiteFideId "301388"]
[BlackFideId "45179620"]
[EventDate "2025.05.20"]

1. d4 Nf6 2. c4 e6 3. Bf4 d5 4. Nc3 Be7 5. e3 O-O 6. Nf3 c5 7. cxd5 Nxd5 8. Nxd5
exd5 9. dxc5 Bxc5 10. a3 Nc6 11. Bd3 Be7 12. O-O Bf6 13. Qc2 g6 14. Rfd1 Be6 15.
h3 Rc8 16. Qa4 Qa5 17. Qxa5 Nxa5 18. Rab1 Nc4 19. Nd4 Rfd8 20. a4 a6 21. b3 Ne5
22. Bf1 Nc6 23. Nxe6 fxe6 24. b4 e5 25. Bg3 d4 26. exd4 Nxd4 27. b5 axb5 28.
axb5 Rc2 29. b6 Rf8 30. Rbc1 Rfc8 31. Ra1 Rf8 32. Ra7 Nf5 33. Rxb7 Nxg3 34. fxg3
e4 35. Re1 1-0

[Event "Titled Tue 20th May Late"]
[Site "chess.com INT"]
[Date "2025.05.20"]
[Round "4"]
[White "Tologon tegin, Semetei"]
[Black "Erigaisi, Arjun"]
[Result "0-1"]
[WhiteTitle "IM"]
[BlackTitle "GM"]
[WhiteElo "2313"]
[BlackElo "2782"]
[WhiteFideId "13800574"]
[BlackFideId "35009192"]
[EventDate "2025.05.20"]

1. d4 b6 2. e4 Bb7 3. Bd3 e6 4. Ne2 Nf6 5. f3 d5 6. e5 Nfd7 7. c3 c5 8. Be3 Nc6
9. a3 Qc8 10. Qa4 Be7 11. Nd2 c4 12. Bb1 b5 13. Qc2 a5 14. f4 g6 15. O-O h5 16.
Nf3 Nb6 17. Bf2 b4 18. axb4 axb4 19. Rxa8 Qxa8 20. Bh4 b3 21. Qd2 Bxh4 22. Nxh4
Qd8 23. Nf3 Qe7 24. Ng5 Kd7 25. h4 Kc7 26. Ng3 Na4 27. f5 exf5 28. Bxf5 Nd8 29.
Bh3 Bc8 30. Bxc8 Kxc8 31. Rf6 Qa7 32. Ne2 Re8 33. Kh1 Re7 34. Nf4 Rd7 35. Qe2
Nxc3 36. bxc3 Qa1+ 37. Kh2 b2 38. Rb6 b1=Q 39. Rxb1 Qxb1 40. e6 fxe6 41. Ngxe6
Qe4 42. Qxe4 dxe4 43. Nxd8 Kxd8 44. Nxg6 e3 45. Nf4 Rf7 46. Ne6+ Ke7 47. Ng5 e2 0-1

[Event "Titled Tue 20th May Late"]
[Site "chess.com INT"]
[Date "2025.05.20"]
[Round "4"]
[White "Pereyra, Horacio"]
[Black "Rees, Ioan"]
[Result "1-0"]
[BlackTitle "FM"]
[WhiteElo "2133"]
[BlackElo "2288"]
[WhiteFideId "113700"]
[BlackFideId "1801236"]
[EventDate "2025.05.20"]

1. d4 Nf6 2. Nc3 d5 3. Bg5 h6 4. Bh4 Bf5 5. e3 e6 6. Bd3 c6 7. Nge2 Bd6 8. O-O
Nbd7 9. f3 Qc7 10. Bg3 O-O 11. e4 Bxg3 12. Nxg3 Bh7 13. e5 Ne8 14. Bxh7+ Kxh7
15. f4 g6 16. h4 Ng7 17. h5 Nf5 18. hxg6+ fxg6 19. Nxf5 Rxf5 20. g4 Rf7 21. Qd3
Raf8 22. Ne2 Qd8 23. Qh3 Qe7 24. Rf2 c5 25. Rh2 h5 26. c3 cxd4 27. cxd4 Kg8 28.
gxh5 g5 29. Rg2 Rxf4 30. Nxf4 Rxf4 31. Rf1 Rxd4 32. Qe3 Rh4 33. Rxg5+ Kh8 34.
Qg3 Qc5+ 35. Kg2 Qc8 36. Qxh4 1-0

[Event "Titled Tue 20th May Late"]
[Site "chess.com INT"]
[Date "2025.05.20"]
[Round "4"]
[White "Serban, Cristian-Stefan"]
[Black "Dubnevych, Maksym"]
[Result "0-1"]
[WhiteTitle "FM"]
[BlackTitle "FM"]
[WhiteElo "2332"]
[BlackElo "2292"]
[WhiteFideId "1241443"]
[BlackFideId "14184001"]
[EventDate "2025.05.20"]

1. d4 d5 2. c4 e6 3. Nf3 Nf6 4. g3 dxc4 5. Bg2 Nbd7 6. Qa4 c5 7. Be3 Nd5 8. Qxc4
Nxe3 9. fxe3 Nb6 10. Qd3 c4 11. Qc2 Nd5 12. Kf2 Be7 13. Qxc4 O-O 14. e4 Nf6 15.
Nc3 Bd7 16. h3 Rc8 17. Qd3 Qb6 18. e5 Nd5 19. Nxd5 exd5 20. b3 Bb5 21. Qd2 a5
22. Rhc1 Ba3 23. Rxc8 Rxc8 24. Ne1 Qe6 25. e3 Bb4 26. Qd1 Qf5+ 27. Kg1 h5 28.
Rc1 Rxc1 29. Qxc1 h4 30. g4 Qe6 31. Nf3 Qe7 32. Qc8+ Kh7 33. Qf5+ g6 34. Qg5
Qxg5 35. Nxg5+ Kg7 36. Bxd5 Be8 37. Bxb7 Be7 38. Nf3 Bb5 39. Kf2 Bd3 40. Bd5 Bb1
41. a4 Bd3 42. Bc4 Be4 43. d5 Bc5 44. Nd2 Bc2 45. d6 f6 46. exf6+ Kxf6 47. d7
Ke7 48. Bb5 g5 49. Ke2 Bb4 50. Bd3 Bxd2 51. Kxd2 Bxb3 52. Bb5 Bd5 53. Bf1 Kxd7
54. Kc3 Kd6 55. Kd4 Bc6 56. Bb5 Bg2 57. e4 Bxh3 58. e5+ Ke7 59. Be2 Bg2 60. Ke3
Bc6 61. Bd1 Ke6 62. Kd4 h3 63. Bb3+ Ke7 0-1

[Event "Titled Tue 20th May Late"]
[Site "chess.com INT"]
[Date "2025.05.20"]
[Round "4"]
[White "Tamer Waguih, Farid"]
[Black "Velikanov, Alexander"]
[Result "1-0"]
[WhiteTitle "FM"]
[BlackTitle "IM"]
[WhiteElo "2206"]
[BlackElo "2372"]
[WhiteFideId "10685723"]
[BlackFideId "2039290"]
[EventDate "2025.05.20"]

1. d4 Nf6 2. Nc3 d6 3. e4 e5 4. Nf3 Nbd7 5. Rg1 c6 6. g4 h6 7. h4 exd4 8. Nxd4
Ne5 9. Be2 d5 10. exd5 Nxd5 11. Nxd5 Qxd5 12. Be3 Be7 13. h5 O-O 14. Qd2 Rd8 15.
O-O-O Qxa2 16. Qc3 Be6 17. g5 c5 18. gxh6 cxd4 19. Rxg7+ Kf8 20. Bxd4 Nc6 21. h7
Bg5+ 22. Qe3 Qa1+ 23. Kd2 Rxd4+ 24. Bd3 Kxg7 25. Qxg5+ Kf8 26. h8=Q# 1-0

[Event "Titled Tue 20th May Late"]
[Site "chess.com INT"]
[Date "2025.05.20"]
[Round "4"]
[White "Khalafvand, Dorsa Sadat"]
[Black "Hungaski, Robert"]
[Result "1-0"]
[WhiteTitle "WCM"]
[BlackTitle "GM"]
[WhiteElo "1985"]
[BlackElo "2477"]
[WhiteFideId "36767522"]
[BlackFideId "2021030"]
[EventDate "2025.05.20"]

1. d4 e6 2. c4 Bb4+ 3. Bd2 Bxd2+ 4. Qxd2 f5 5. Nc3 Nf6 6. e3 O-O 7. Bd3 b6 8.
Nge2 Bb7 9. f3 c5 10. O-O Qe7 11. Rad1 Nc6 12. Qc1 d6 13. Bc2 g6 14. Nf4 Nd8 15.
Qd2 Nf7 16. Nfe2 e5 17. d5 Bc8 18. a3 g5 19. Ng3 f4 20. Nge4 Nxe4 21. Nxe4 Bf5
22. Qd3 Kh8 23. g4 Bg6 24. Qe2 Bxe4 25. Bxe4 Nh6 26. Kg2 fxe3 27. Qxe3 Rf4 28.
b4 Rc8 29. b5 Ng8 30. a4 Nf6 31. Bf5 Rxc4 32. Bxc8 Qg7 33. Bf5 Qh6 34. Rf2 Rxa4
35. Rff1 Qh4 36. Ra1 Rb4 37. Rxa7 Nxd5 38. Qf2 Nf4+ 39. Kh1 Qh3 40. Rxh7+ Qxh7
41. Bxh7 Kxh7 42. Rd1 d5 43. Qc2+ Kh6 44. Qf5 Rb2 45. Qxe5 d4 46. Qf6+ Ng6 47.
Qxb6 Rc2 48. Qc6 Kg7 49. b6 Ne5 50. Qc7+ Kf6 51. b7 Nxf3 52. b8=Q Ke6 53. Qg8+ 1-0

[Event "Titled Tue 20th May Late"]
[Site "chess.com INT"]
[Date "2025.05.20"]
[Round "4"]
[White "Szpar, Milosz"]
[Black "Bernadskiy, Vitaliy"]
[Result "0-1"]
[WhiteTitle "IM"]
[BlackTitle "GM"]
[WhiteElo "2475"]
[BlackElo "2523"]
[WhiteFideId "1184989"]
[BlackFideId "14100371"]
[EventDate "2025.05.20"]

1. e4 d6 2. d4 Nf6 3. Bd3 e5 4. c3 Nc6 5. Nf3 Bg4 6. d5 Nb8 7. c4 Nbd7 8. Nc3
Be7 9. h3 Bh5 10. g4 Bg6 11. Be3 a5 12. Nd2 Nc5 13. Bc2 Nfd7 14. Nf3 h5 15. Ke2
Nf6 16. Bxc5 dxc5 17. Nxe5 Bd6 18. Nxg6 fxg6 19. e5 Bxe5 20. Bxg6+ Kf8 21. g5
Bxc3 22. bxc3 Ne8 23. Qd2 Nd6 24. Kd3 Qd7 25. Rae1 b5 26. Qf4+ Kg8 27. Re6 bxc4+
28. Kd2 Rf8 29. Qe5 Nf7 30. Bxf7+ Qxf7 31. f4 Qxf4+ 32. Qxf4 Rxf4 33. g6 Rf8 34.
h4 Rh6 35. Rg1 Rf6 36. Re8+ Rf8 37. Re7 Rf6 38. Re8+ Rf8 39. Rxf8+ Kxf8 40. Ke3
Ke7 41. Kf4 Kf6 42. Re1 Rxg6 43. Re6+ Kf7 44. Rxg6 Kxg6 45. Ke5 Kf7 46. Kf5 g6+
47. Ke5 Ke7 48. a4 Kf7 0-1

[Event "Titled Tue 20th May Late"]
[Site "chess.com INT"]
[Date "2025.05.20"]
[Round "4"]
[White "Leinov, Roman"]
[Black "Garcia de Dios, Jose Antonio"]
[Result "1/2-1/2"]
[WhiteTitle "CM"]
[BlackTitle "CM"]
[WhiteElo "2120"]
[BlackElo "2224"]
[WhiteFideId "13504649"]
[BlackFideId "5128919"]
[EventDate "2025.05.20"]

1. Nf3 Nf6 2. g3 g6 3. Bg2 Bg7 4. O-O O-O 5. c4 d6 6. Nc3 Nc6 7. Rb1 a5 8. a3 e5
9. d3 h6 10. b4 axb4 11. axb4 Be6 12. b5 Ne7 13. e4 Qd7 14. Nd5 Nexd5 15. cxd5
Bh3 16. Nd2 Bxg2 17. Kxg2 c6 18. dxc6 bxc6 19. bxc6 Qxc6 20. Nc4 Rfe8 21. Rb6
Qc7 22. Rxd6 Nxe4 23. dxe4 Qxc4 24. Qd5 Qxd5 25. Rxd5 Ra2 26. Be3 Ra4 27. Kf3 f6
28. Rb1 Re7 29. h4 h5 30. Rb6 Kh7 31. Rdb5 Rc4 32. Rb7 Rcc7 33. Rxc7 Rxc7 34.
Rb6 Kg8 35. Ra6 Kf7 36. Ra7 Rxa7 37. Bxa7 Ke6 38. Ke3 Bf8 39. Bb6 Bb4 40. Ba7
Kd6 41. Ke2 Bc5 42. Bb8+ Kc6 43. f4 Bd6 44. Bxd6 Kxd6 45. Kd3 Kc5 46. Kc3 Kb5
47. Kb3 Kc5 48. Kc3 Kb5 49. Kb3 Kc5 50. Kc3 1/2-1/2

[Event "Titled Tue 20th May Late"]
[Site "chess.com INT"]
[Date "2025.05.20"]
[Round "4"]
[White "May Sanchez, Andres Elias"]
[Black "Azamikia, Mehran"]
[Result "0-1"]
[BlackTitle "CM"]
[WhiteElo "2209"]
[BlackElo "2130"]
[WhiteFideId "5150973"]
[BlackFideId "12502502"]
[EventDate "2025.05.20"]

1. e4 c5 2. Nf3 Nc6 3. d4 cxd4 4. Nxd4 Nf6 5. Nc3 d6 6. Bg5 e6 7. Bb5 Bd7 8. Qd3
Be7 9. O-O-O a6 10. Bxc6 Bxc6 11. f4 Rc8 12. Kb1 h6 13. Bh4 O-O 14. Nxc6 Rxc6
15. f5 Ng4 16. Bg3 Ne5 17. Bxe5 dxe5 18. fxe6 fxe6 19. Qxd8 Rxd8 20. Rxd8+ Bxd8
21. Rd1 Ba5 22. Ne2 Rc8 23. Ng3 Rd8 24. Kc1 Kf7 25. Rf1+ Ke7 26. c3 Bb6 27. Rf3
Bg1 28. h3 Bh2 29. Nf1 Bf4+ 30. Kc2 h5 31. g3 Bh6 32. b3 b5 33. Re3 Bxe3 34.
Nxe3 Rf8 35. Nd1 Rf3 36. g4 h4 0-1

[Event "Titled Tue 20th May Late"]
[Site "chess.com INT"]
[Date "2025.05.20"]
[Round "4"]
[White "Da Matta, Eduardo Cesar"]
[Black "Garbuz, Vitaliy"]
[Result "0-1"]
[BlackTitle "CM"]
[WhiteElo "2047"]
[BlackElo "2224"]
[WhiteFideId "2193108"]
[BlackFideId "12990710"]
[EventDate "2025.05.20"]

1. d4 d5 2. c4 e6 3. Nc3 a6 4. Nf3 dxc4 5. a4 Bb4 6. Bd2 Nf6 7. e3 c5 8. Bxc4
Nc6 9. O-O cxd4 10. exd4 Nxd4 11. Nxd4 Qxd4 12. Qe2 O-O 13. Rfd1 e5 14. Bg5 Bg4
15. Rxd4 Bxe2 16. Rh4 Bxc4 17. Rxc4 Bxc3 18. bxc3 Rac8 19. Rb4 Nd5 20. Rxb7 Rxc3
21. g3 h6 22. Bd2 Rc2 23. Ba5 Rfc8 24. Kg2 R8c6 25. Rd7 Ne3+ 26. Kf3 Nc4 27. Be1
f5 28. Rb1 e4+ 29. Kf4 Nb6 30. Ra7 R2c5 31. a5 Nd5+ 32. Ke5 Nc3+ 0-1

[Event "Titled Tue 20th May Late"]
[Site "chess.com INT"]
[Date "2025.05.20"]
[Round "4"]
[White "Obregon Rivero, Juan Carlos"]
[Black "Galchenko, Matvey"]
[Result "1-0"]
[WhiteTitle "GM"]
[BlackTitle "IM"]
[WhiteElo "2476"]
[BlackElo "2442"]
[WhiteFideId "3507815"]
[BlackFideId "24175480"]
[EventDate "2025.05.20"]

1. Nf3 c5 2. g3 g6 3. c3 Bg7 4. d4 b6 5. Bg2 Bb7 6. O-O Nf6 7. Re1 O-O 8. Nbd2
cxd4 9. Nxd4 Bxg2 10. Kxg2 d5 11. Qa4 e5 12. N4b3 Qc7 13. e4 Qb7 14. exd5 Qxd5+
15. Kg1 Nbd7 16. Ne4 Nxe4 17. Qxe4 Qxe4 18. Rxe4 f5 19. Re1 e4 20. Bf4 h6 21.
Rad1 Rf7 22. Rd5 g5 23. Be3 Ne5 24. Red1 Nd3 25. Rd2 Re8 26. f4 gxf4 27. gxf4 h5
28. Rg2 Ne1 29. Rg3 h4 30. Rg6 Kh7 31. Rgd6 Rg8 32. Kf1 Nf3 33. h3 Bh6 34. Rd7
Rgg7 35. Rxf7 Rxf7 36. Nd4 Nxd4 37. cxd4 Kg6 38. Rd6+ Kh5 39. d5 Bf8 40. Rd8 Kg6
41. Bd4 Bc5 42. Be5 a5 43. d6 a4 44. d7 Be7 45. Rg8+ Kh5 46. Re8 1-0

[Event "Titled Tue 20th May Late"]
[Site "chess.com INT"]
[Date "2025.05.20"]
[Round "4"]
[White "Goryachkina, Aleksandra"]
[Black "Petre, Nad-Titus"]
[Result "1-0"]
[WhiteTitle "GM"]
[BlackTitle "IM"]
[WhiteElo "2544"]
[BlackElo "2299"]
[WhiteFideId "4147103"]
[BlackFideId "1204165"]
[EventDate "2025.05.20"]

1. c4 c5 2. Nf3 Nc6 3. Nc3 d6 4. d4 cxd4 5. Nxd4 Bd7 6. e4 g6 7. Be3 Bg7 8. Be2
Nf6 9. f3 O-O 10. O-O a5 11. Qd2 Nxd4 12. Bxd4 Bc6 13. Rfc1 Nd7 14. Bf2 Nc5 15.
b3 Qb6 16. Rab1 Qb4 17. Qc2 Rfc8 18. Kh1 Qb6 19. Bg1 Qd8 20. Qd2 Qf8 21. Be3 h5
22. a3 Kh7 23. b4 axb4 24. axb4 Na4 25. Nd5 Bxd5 26. exd5 Bh6 27. f4 Bg7 28. c5
Qd8 29. c6 bxc6 30. dxc6 Nb6 31. b5 Qc7 32. f5 Be5 33. fxg6+ fxg6 34. Qd3 Kg7
35. Rf1 Rf8 36. Qe4 Rf6 37. Rxf6 exf6 38. Bf3 Ra2 39. Rc1 f5 40. Qb4 Ra4 41.
Bxb6 1-0

[Event "Titled Tue 20th May Late"]
[Site "chess.com INT"]
[Date "2025.05.20"]
[Round "4"]
[White "Nita, Lucian"]
[Black "Altini, Nicola"]
[Result "0-1"]
[BlackTitle "IM"]
[WhiteElo "2143"]
[BlackElo "2357"]
[WhiteFideId "1206923"]
[BlackFideId "833924"]
[EventDate "2025.05.20"]

1. e4 c5 2. Nf3 g6 3. c3 Bg7 4. Be2 d5 5. d3 Nc6 6. Nbd2 e5 7. O-O Nge7 8. a3
O-O 9. b4 b6 10. Bb2 Rb8 11. b5 Na5 12. a4 d4 13. Nc4 Nxc4 14. dxc4 Bb7 15. Bd3
Qd6 16. Qc2 f5 17. Rfe1 f4 18. cxd4 exd4 19. e5 Qe6 20. Be4 h6 21. Bxb7 Rxb7 22.
Qe4 Rd7 23. Nd2 g5 24. a5 Ng6 25. axb6 axb6 26. Ra6 Nxe5 27. Ba3 Rd6 28. Ra7 Re8
29. Ra8 Rxa8 30. Qxa8+ Kh7 31. h3 Qg6 32. Ne4 Re6 33. Qd5 Re8 34. Bxc5 bxc5 35.
Nd6 Nf3+ 36. gxf3 Rxe1+ 37. Kg2 d3 38. b6 Re6 39. b7 Rxd6 40. b8=Q Rxd5 41. cxd5
d2 42. Qb3 c4 43. Qd1 c3 44. Qe2 Qc2 45. Qe4+ Qxe4 46. fxe4 d1=Q 47. h4 c2 48.
hxg5 hxg5 49. d6 c1=Q 50. e5 Qg4+ 51. Kh2 Qcg1# 0-1

[Event "Titled Tue 20th May Late"]
[Site "chess.com INT"]
[Date "2025.05.20"]
[Round "4"]
[White "Kahre, Kim"]
[Black "Bian, Alex"]
[Result "0-1"]
[BlackTitle "FM"]
[WhiteElo "2119"]
[BlackElo "2342"]
[WhiteFideId "518816"]
[BlackFideId "2056372"]
[EventDate "2025.05.20"]

1. d4 Nf6 2. Nf3 e6 3. Bf4 c5 4. c3 b6 5. e3 Bb7 6. Be2 Be7 7. O-O O-O 8. h3 d6
9. Nfd2 Nbd7 10. Bf3 d5 11. Re1 Ne4 12. Qc2 f5 13. Be2 Ndf6 14. Nf3 Bd6 15. Bxd6
Qxd6 16. Ne5 Nd7 17. f4 Nxe5 18. fxe5 Qe7 19. Nd2 Qg5 20. Bf3 cxd4 21. cxd4 Rac8
22. Qd1 Ng3 23. Rc1 f4 24. Rxc8 Rxc8 25. exf4 Qxf4 26. Nb3 Ba6 27. Bg4 Rc6 28.
Qd2 Qxd2 29. Nxd2 h5 30. Bd1 Rc1 31. Nf3 Ne4 32. Ba4 Rc7 33. Rf1 Bxf1 34. Kxf1
Rc1+ 35. Ke2 Rb1 36. b3 Rb2+ 37. Kf1 Rxa2 38. Bd7 Kf7 39. Nh4 g5 40. Nf3 g4 41.
hxg4 hxg4 42. Ne1 g3 43. Nd3 Nc3 44. Nf4 Ra1# 0-1

[Event "Titled Tue 20th May Late"]
[Site "chess.com INT"]
[Date "2025.05.20"]
[Round "4"]
[White "Smirnova, Ekaterina"]
[Black "Demaria, Juan Pablo"]
[Result "1-0"]
[WhiteTitle "WIM"]
[BlackTitle "FM"]
[WhiteElo "2096"]
[BlackElo "2215"]
[WhiteFideId "4110943"]
[BlackFideId "104922"]
[EventDate "2025.05.20"]

1. d4 g6 2. c4 Bg7 3. e4 c5 4. d5 d6 5. Nf3 e6 6. Be2 Nf6 7. Qc2 exd5 8. cxd5
O-O 9. O-O Re8 10. Nc3 a6 11. a4 Bg4 12. Bf4 Qc7 13. Rfe1 Nbd7 14. Rac1 Rab8 15.
Nd2 Bxe2 16. Rxe2 b5 17. Rce1 c4 18. Nf3 Nh5 19. Be3 Nc5 20. Nd4 b4 21. Nb1 Rxe4
22. Qxc4 Rbe8 23. Nd2 R4e7 24. Nc6 Rd7 25. Bxc5 Rxe2 26. Rxe2 dxc5 27. Re8+ Bf8
28. Qxc5 Qd6 29. Qxd6 Rxd6 30. Nxb4 a5 31. Nc6 Rxd5 32. Ne7+ Kg7 33. Nxd5 Bd6
34. Nc4 Bc5 35. Rc8 Bd4 36. g4 Nf6 37. Nxf6 Kxf6 38. b3 Kg5 39. h3 Kh4 40. Kg2
h5 41. gxh5 Kxh5 42. Nxa5 f5 43. Nc6 g5 44. Nxd4 1-0

[Event "Titled Tue 20th May Late"]
[Site "chess.com INT"]
[Date "2025.05.20"]
[Round "4"]
[White "Albores, Pablo"]
[Black "Myagmarsuren, Evsuld"]
[Result "0-1"]
[WhiteTitle "CM"]
[BlackTitle "FM"]
[WhiteElo "2220"]
[BlackElo "2292"]
[WhiteFideId "105546"]
[BlackFideId "1551639"]
[EventDate "2025.05.20"]

1. c4 Nf6 2. Nc3 c6 3. g3 d5 4. Bg2 g6 5. cxd5 cxd5 6. Nf3 Bg7 7. O-O O-O 8. d4
Nc6 9. a3 Ne4 10. Ne5 Nxc3 11. Nxc6 Nxd1 12. Nxd8 Nxf2 13. Nxb7 Nh3+ 14. Kh1
Bxb7 15. Bxh3 Bxd4 16. Bh6 Rfd8 17. Rad1 Bb6 18. Bg2 Rac8 19. Rc1 e6 20. Bg5
Rxc1 21. Rxc1 Rc8 22. Rxc8+ Bxc8 23. Bf6 Ba6 24. Bf3 Kf8 25. h4 h5 26. g4 hxg4
27. Bxg4 Bc4 28. h5 gxh5 29. Bxh5 a5 30. Kg2 a4 31. Kf3 Ke8 32. Kf4 Kd7 33. Ke5
Bc7+ 34. Kd4 Bb6+ 35. Kc3 Ba5+ 36. Kc2 Bb6 37. Kc3 Ba5+ 38. Kd4 Bd2 39. e3 Bc1
40. Kc5 Bxe3+ 41. Kb4 Bb3 42. Bxf7 Bd2+ 43. Kc5 Be3+ 44. Kb4 Kd6 45. Bg7 e5 46.
Bf8+ Kc6 47. Be8+ Kb6 48. Be7 Bd2# 0-1

[Event "Titled Tue 20th May Late"]
[Site "chess.com INT"]
[Date "2025.05.20"]
[Round "4"]
[White "Bernabeu Lopez, Carlos Javier"]
[Black "Bagheri, Maziar"]
[Result "1-0"]
[WhiteTitle "FM"]
[BlackTitle "FM"]
[WhiteElo "2402"]
[BlackElo "2287"]
[WhiteFideId "2235366"]
[BlackFideId "12530913"]
[EventDate "2025.05.20"]

1. e4 c5 2. Nf3 d6 3. Bb5+ Nd7 4. O-O a6 5. Bxd7+ Bxd7 6. Re1 Nf6 7. Nc3 g6 8.
d3 Bg7 9. Bg5 O-O 10. Qd2 b5 11. Bh6 b4 12. Ne2 Bc6 13. Bxg7 Kxg7 14. Ng3 e5 15.
Qg5 Ng8 16. Nf5+ Kh8 17. Qxd8 Rfxd8 18. Ne3 f6 19. Nd2 Ne7 20. a3 a5 21. a4 f5
22. f3 f4 23. Nec4 Be8 24. Kf2 Bf7 25. g3 fxg3+ 26. hxg3 Nc6 27. Ke3 Nd4 28.
Rac1 Bxc4 29. Nxc4 b3 30. cxb3 Nxb3 31. Rc2 Nd4 32. Rf2 Ra6 33. f4 exf4+ 34.
gxf4 d5 35. Ne5 Kg7 36. Rc1 dxe4 37. dxe4 Rb6 38. Rxc5 Rb3+ 39. Rc3 Rxc3+ 40.
bxc3 Nb3 41. Rb2 Nc5 42. Rb5 Nxa4 43. Rb7+ Kg8 44. Ng4 Nxc3 45. Nf6+ Kf8 46.
Nxh7+ Kg8 47. Nf6+ Kf8 48. Rc7 Nd1+ 49. Ke2 a4 50. e5 a3 51. e6 Ra8 52. Rf7# 1-0

[Event "Titled Tue 20th May Late"]
[Site "chess.com INT"]
[Date "2025.05.20"]
[Round "4"]
[White "Deac, Bogdan-Daniel"]
[Black "Kravtsiv, Martyn"]
[Result "1-0"]
[WhiteTitle "GM"]
[BlackTitle "GM"]
[WhiteElo "2668"]
[BlackElo "2598"]
[WhiteFideId "1226380"]
[BlackFideId "14113147"]
[EventDate "2025.05.20"]

1. e4 e5 2. Nf3 Nc6 3. d4 exd4 4. Nxd4 Nf6 5. Nxc6 bxc6 6. e5 Qe7 7. Qe2 Nd5 8.
h4 a5 9. g3 d6 10. c4 Ba6 11. exd6 Qxe2+ 12. Bxe2 Nb4 13. Kd2 Rd8 14. a3 Rxd6+
15. Kc3 Nd5+ 16. cxd5 Bxe2 17. Re1 cxd5 18. Rxe2+ Kd7 19. Bf4 Rb6 20. Kc2 Rc6+
21. Kd3 Bc5 22. Nc3 d4 23. Na4 Ba7 24. Rc1 Rxc1 25. Bxc1 c5 26. Kc4 f6 27. Bd2
Rc8 28. Bxa5 Kd6 29. b3 Ra8 30. Bd2 Rc8 31. Nb2 Rd8 32. Nd3 Rd7 33. Bf4+ Kc6 34.
Re6+ Kb7 35. Bd6 1-0

[Event "Titled Tue 20th May Late"]
[Site "chess.com INT"]
[Date "2025.05.20"]
[Round "4"]
[White "Materia, Marco"]
[Black "Caruana, Fabiano"]
[Result "0-1"]
[WhiteTitle "IM"]
[BlackTitle "GM"]
[WhiteElo "2489"]
[BlackElo "2776"]
[WhiteFideId "45150451"]
[BlackFideId "2020009"]
[EventDate "2025.05.20"]

1. Nf3 c5 2. c4 Nc6 3. Nc3 Nf6 4. e4 e5 5. d3 d6 6. g3 Be7 7. Bg2 O-O 8. O-O Ne8
9. Nd5 Nc7 10. Be3 b5 11. Nd2 Nxd5 12. exd5 Nd4 13. Bxd4 exd4 14. cxb5 Rb8 15.
a4 a6 16. Nc4 axb5 17. axb5 Rxb5 18. Re1 Qc7 19. Qa4 Rb7 20. Qc6 Qb8 21. Qa4 Bd7
22. Qc2 Bf6 23. Re2 h5 24. h4 Bg4 25. Rd2 g6 26. Ra6 Rd8 27. Na5 Re7 28. Nc6
Re1+ 29. Kh2 Qc8 30. Ra7 Rde8 31. b4 cxb4 32. Nxb4 Qf5 33. Qc7 Bxh4 34. Qxd6 Bg5
35. Rc2 h4 36. Qc5 hxg3+ 37. fxg3 Be3 38. d6 Bg1+ 39. Kh1 Bf2+ 40. Kh2 Bxg3+ 41.
Kxg3 R8e3+ 42. Kh4 g5# 0-1

[Event "Titled Tue 20th May Late"]
[Site "chess.com INT"]
[Date "2025.05.20"]
[Round "4"]
[White "Harish, Neeraj"]
[Black "Bratovic, Blaz"]
[Result "1-0"]
[WhiteTitle "CM"]
[BlackTitle "IM"]
[WhiteElo "2192"]
[BlackElo "2319"]
[WhiteFideId "30958130"]
[BlackFideId "14603551"]
[EventDate "2025.05.20"]

1. c4 e6 2. Nf3 f5 3. g3 Nf6 4. Bg2 d5 5. d4 Bd6 6. c5 Be7 7. O-O Ne4 8. Bf4 Nc6
9. Nbd2 g5 10. Be5 Rg8 11. e3 g4 12. Ne1 Nxd2 13. Qxd2 Nxe5 14. dxe5 Bxc5 15.
Nd3 Be7 16. Nf4 Bd7 17. Rac1 c6 18. h3 Qb6 19. hxg4 Rxg4 20. Bf3 Rg8 21. Bh5+
Kd8 22. Bf7 Rg6 23. Bxg6 hxg6 24. Nxg6 Bb4 25. Qe2 Kc7 26. Kg2 Rg8 27. Nf4 Be7
28. Rh1 Kb8 29. Rh7 Qd8 30. Qh5 Be8 31. Qh6 c5 32. Qxe6 d4 33. exd4 cxd4 34.
Qxg8 Bc6+ 35. Rxc6 Qxg8 36. Rch6 Qd8 37. Rh8 Bf8 38. Rf6 1-0

[Event "Titled Tue 20th May Late"]
[Site "chess.com INT"]
[Date "2025.05.20"]
[Round "4"]
[White "Yilmaz, Baver"]
[Black "Drygalov, Andrey"]
[Result "0-1"]
[WhiteTitle "FM"]
[BlackTitle "GM"]
[WhiteElo "2233"]
[BlackElo "2431"]
[WhiteFideId "26363542"]
[BlackFideId "24171735"]
[EventDate "2025.05.20"]

1. e4 c5 2. Nf3 d6 3. d4 cxd4 4. Nxd4 Nf6 5. Nc3 a6 6. h3 e6 7. g4 h6 8. Bg2 Nc6
9. O-O Be7 10. b3 O-O 11. Bb2 Bd7 12. Nde2 Rc8 13. Ng3 b5 14. Kh1 Ne8 15. f4 Bf6
16. Nh5 Bd4 17. Rb1 Qh4 18. Ne2 Bxb2 19. Rxb2 Nf6 20. Nxf6+ Qxf6 21. e5 dxe5 22.
Qxd7 exf4 23. c3 Ne5 24. Qd4 g5 25. Qe4 Rfd8 26. Rc2 Rd3 27. Qb7 Rcd8 28. Nd4 h5
29. gxh5 g4 30. Qe4 f3 31. hxg4 fxg2+ 32. Kxg2 Qg5 33. Rf4 Qh4 34. Nf3 Nxf3 35.
Rxf3 Rd2+ 36. Rf2 Qxf2+ 0-1